|
|
|
|
| LEADER |
03792nam a2200577 4500 |
| 001 |
978-3-319-92123-5 |
| 003 |
DE-He213 |
| 005 |
20191029021201.0 |
| 007 |
cr nn 008mamaa |
| 008 |
180619s2019 gw | s |||| 0|eng d |
| 020 |
|
|
|a 9783319921235
|9 978-3-319-92123-5
|
| 024 |
7 |
|
|a 10.1007/978-3-319-92123-5
|2 doi
|
| 040 |
|
|
|d GrThAP
|
| 050 |
|
4 |
|a TK5102.9
|
| 050 |
|
4 |
|a TA1637-1638
|
| 072 |
|
7 |
|a TTBM
|2 bicssc
|
| 072 |
|
7 |
|a TEC008000
|2 bisacsh
|
| 072 |
|
7 |
|a TTBM
|2 thema
|
| 072 |
|
7 |
|a UYS
|2 thema
|
| 082 |
0 |
4 |
|a 621.382
|2 23
|
| 100 |
1 |
|
|a Averbuch, Amir Z.
|e author.
|4 aut
|4 http://id.loc.gov/vocabulary/relators/aut
|
| 245 |
1 |
0 |
|a Spline and Spline Wavelet Methods with Applications to Signal and Image Processing
|h [electronic resource] :
|b Volume III: Selected Topics /
|c by Amir Z. Averbuch, Pekka Neittaanmäki, Valery A. Zheludev.
|
| 250 |
|
|
|a 1st ed. 2019.
|
| 264 |
|
1 |
|a Cham :
|b Springer International Publishing :
|b Imprint: Springer,
|c 2019.
|
| 300 |
|
|
|a XXIV, 287 p. 131 illus., 91 illus. in color.
|b online resource.
|
| 336 |
|
|
|a text
|b txt
|2 rdacontent
|
| 337 |
|
|
|a computer
|b c
|2 rdamedia
|
| 338 |
|
|
|a online resource
|b cr
|2 rdacarrier
|
| 347 |
|
|
|a text file
|b PDF
|2 rda
|
| 505 |
0 |
|
|a Chapter 1. Introduction: Periodic Signals and Filters -- Chapter 2. Periodic Polynomial Splines -- Chapter 3. Periodic Discrete and Discrete-time Splines -- Chapter 4. Periodic Orthogonal Wavelets and Wavelet Packets -- Chapter 5. Two-dimensional Orthogonal Wavelets and Wavelet Packets -- Chapter 6. Local Splines on Non-uniform Grid -- Chapter 7. Spline-based Wavelet Transforms -- Chapter 8. Biorthogonal Wavelet Transforms Originating from Discrete and Discrete-time Splines -- Chapter 9. Wavelet Frames Generated by Spline-based p-filter Banks -- Chapter 10. Snapshot Spectral Imaging -- Chapter 11. Delineation of Malignant Skin Tumors by Hyperspectral Imaging -- Chapter 12. Acoustic Detection of Moving Vehicles -- Chapter 13. Detection of Incipient Bearing Fault in a Slowly Rotating Machine Using Spline Wavelet Packets.
|
| 520 |
|
|
|a This book provides a practical guide, complete with accompanying Matlab software, to many different types of polynomial and discrete splines and spline-based wavelets, multiwavelets and wavelet frames in signal and image processing applications. In self-contained form, it briefly outlines a broad range of polynomial and discrete splines with equidistant nodes and their signal-processing-relevant properties. In particular, interpolating, smoothing, and shift-orthogonal splines are presented. .
|
| 650 |
|
0 |
|a Signal processing.
|
| 650 |
|
0 |
|a Image processing.
|
| 650 |
|
0 |
|a Speech processing systems.
|
| 650 |
|
0 |
|a Optical data processing.
|
| 650 |
|
0 |
|a Engineering design.
|
| 650 |
|
0 |
|a Algorithms.
|
| 650 |
1 |
4 |
|a Signal, Image and Speech Processing.
|0 http://scigraph.springernature.com/things/product-market-codes/T24051
|
| 650 |
2 |
4 |
|a Computer Imaging, Vision, Pattern Recognition and Graphics.
|0 http://scigraph.springernature.com/things/product-market-codes/I22005
|
| 650 |
2 |
4 |
|a Engineering Design.
|0 http://scigraph.springernature.com/things/product-market-codes/T17020
|
| 650 |
2 |
4 |
|a Algorithms.
|0 http://scigraph.springernature.com/things/product-market-codes/M14018
|
| 700 |
1 |
|
|a Neittaanmäki, Pekka.
|e author.
|4 aut
|4 http://id.loc.gov/vocabulary/relators/aut
|
| 700 |
1 |
|
|a Zheludev, Valery A.
|e author.
|4 aut
|4 http://id.loc.gov/vocabulary/relators/aut
|
| 710 |
2 |
|
|a SpringerLink (Online service)
|
| 773 |
0 |
|
|t Springer eBooks
|
| 776 |
0 |
8 |
|i Printed edition:
|z 9783319921228
|
| 776 |
0 |
8 |
|i Printed edition:
|z 9783319921242
|
| 776 |
0 |
8 |
|i Printed edition:
|z 9783030063672
|
| 856 |
4 |
0 |
|u https://doi.org/10.1007/978-3-319-92123-5
|z Full Text via HEAL-Link
|
| 912 |
|
|
|a ZDB-2-ENG
|
| 950 |
|
|
|a Engineering (Springer-11647)
|